Tecnologia per l'uomo. (Record n. 359441)
[ formato base ]
| 000 -LEADER | |
|---|---|
| campo di controllo lung. fissa | 01419nam a22002057a 4500 |
| 003 - Identificatore del numero di controllo | |
| campo di controllo | IT-MiCISF |
| 005 - Data e orario dell'ultima transazione | |
| campo di controllo | 20240515141056.0 |
| 008 - Elementi di lunghezza fissa--Informazione generale | |
| campo di controllo lung. fissa | 220829b ||||| |||| 00| 0 eng d |
| 040 ## - Fonte della catalogazione | |
| Agenzia che fa la trascrizione | IT-MiCISF |
| 041 ## - Codice di lingua | |
| Codice di lingua del testo/traccia sonora o titolo separato | IT |
| 100 ## - Accesso principale -- nome di persona | |
| Nome di persona | Benanti Paolo |
| 9 (RLIN) | 58630 |
| 245 ## - Formulazione del titolo | |
| Titolo | Tecnologia per l'uomo. |
| Complemento del titolo | Cura e innovazione |
| 260 ## - Pubblicazione, distribuzione, ecc. (stampa) | |
| Luogo di pubblicazione, distribuzione, ecc. | Cinisello B. (MI), |
| Nome dell'editore, distributore, ecc. | San Paolo, |
| Data di pubblicazione, distribuzione, ecc. | 2021 |
| 300 ## - Descrizione fisica | |
| Estensione | pp. 143 |
| 500 ## - Nota generale | |
| Nota generale | nuovi-media, società, cambiamento, etica, chiesa, magistero |
| 520 ## - Riassunto, ecc. | |
| Nota di riassunto, ecc. | Viviamo in una realtà immersa nella tecnologia, ma una comprensione sistematica di cosa sia la tecnologia non è semplice né banale. A ben guardare la nostra contemporaneità, si affacciano alla coscienza numerose e talvolta inquietanti domande. Che cosa significa essere umani in un'epoca di incomprensibile complessità tecnologica? Come gestire lo sviluppo? Quali sono i limiti da porre? E come far sì che tali limiti siano davvero rispettati? Affrontare tali interrogativi significa analizzare il presente e indirizzare l'innovazione verso un autentico sviluppo umano. Paolo Benanti, che nei suoi studi cerca di mettere a fuoco il significato etico e antropologico della tecnologia, prova a fare il punto su cosa si debba intendere quando si parla di tecnica e tecnologia e a presentare al lettore le domande che questi concetti sollevano nella nostra epoca. |
| 650 ## - Accesso aggiunto di soggetto--termine topico | |
| Termine topico o nome geografico come accesso | mass-media |
| 9 (RLIN) | 56139 |
| 654 ## - Accesso aggiunto di soggetto--termini topici faccettati | |
| Termine principale | saggio |
| 942 ## - Dati aggiuntivi (Koha) | |
| Fonte della classificazione o dello schema di collocazione (segnatura) | Dewey Decimal Classification |
| Tipo copia default (Koha) | LIBRO |
| Ritirato (status) | Perso (status) | Fonte della classificazione o dello schema di collocazione (segnatura) | Danneggiato (status) | Non per il presito | Biblioteca proprietaria | Biblioteca in cui si trova | Data d'acquisizione | Totale prestiti | Collocazione | Data ultima operazione | Prezzo in vigore dal | Tipo copia default (Koha) |
|---|---|---|---|---|---|---|---|---|---|---|---|---|
| Dewey Decimal Classification | Buone Condizioni | Not For Loan | CISF - Milano | CISF - Milano | 15/05/2024 | A2361 | 15/05/2024 | 15/05/2024 | LIBRO |